|
|
|
|
| LEADER |
00000cam a2200000 7i4500 |
| 001 |
0000008430 |
| 002 |
000009188 |
| 005 |
20010420.0 |
| 020 |
|
|
|a 9676900184
|
| 090 |
0 |
0 |
|a 808.042
|b BRE
|
| 100 |
1 |
|
|a Breme, Sidney Newton
|
| 245 |
1 |
0 |
|a 366 self- motivating essays for student and adult
|c Sidney Newton Breme
|
| 260 |
|
|
|a Batu Caves :
|b Thinker's Library Sdn.Bhd. ,
|c 1984
|
| 300 |
|
|
|a 409p. ;
|c 21cm.
|
| 650 |
0 |
0 |
|a Motivation
|
| 999 |
|
|
|a 00095898
|b BUKU
|c PINJAMAN
|e PERPUSTAKAAN KOMUNITI PETALING JAYA
|
| 999 |
|
|
|a 00095899
|b BUKU
|c PINJAMAN
|e PERPUSTAKAAN KOMUNITI PETALING JAYA
|
| 999 |
|
|
|a 00095900
|b BUKU
|c PINJAMAN
|e PERPUSTAKAAN KOMUNITI PETALING JAYA
|
| 999 |
|
|
|a 00171463
|b BUKU
|c PINJAMAN
|e PERPUSTAKAAN KOMUNITI PETALING JAYA
|
| 999 |
|
|
|a 046773
|b BUKU
|c PINJAMAN
|e PERPUSTAKAAN KOMUNITI PETALING JAYA
|
| 999 |
|
|
|a 048844
|b BUKU
|c PINJAMAN
|e PERPUSTAKAAN KOMUNITI PETALING JAYA
|